000 00470cam a2200193ua 4500
001 2203
008 110805n ii |||gr||||Z||||||eng
020 _a81-7041-395-8
040 _cMAIN
082 _a371.3
100 _aChand, Tara.,
245 _aPrinciples of teaching.
_cBy Tara Chand
250 _a1st.
260 _aNew Delhi:
_bAnmol publications.,990.
300 _a266 p.:
_c23 cm.
653 _aEducation
653 _aPrinciples of teaching.
942 _cBK
999 _c2071
_d2071